Weihnachtslieder, Op. 8 ein Cyklus für eine Singstimme mit Klavierbegleitung : Ausgabe für Sopran /

Hlavní autor: Cornelius, Peter, 1824-1874
Další autoři: Benda, L.
Jazyk: Němčina
Vydáno: Braunschweig : Henry Litolff's Verlag, [1900?]
Edice: Collection Litolff
Fyzický popis: 20 s.
Hudebniny Hudebniny
Uloženo v:
LEADER 00955ncm a22002412a 4500
001 001294381
003 CZ BrMZK
005 20130820104809.0
007 qu
008 031006s1900 gw f ger d
040 |a BOA001  |b cze  |c BOA001 
072 7 |a 784  |x Vokální hudba  |2 Konspekt  |9 9 
100 1 |a Cornelius, Peter,  |d 1824-1874  |7 ola2002159019  |4 cmp 
245 1 0 |a Weihnachtslieder, Op. 8  |h [hudebnina] :  |b ein Cyklus für eine Singstimme mit Klavierbegleitung : Ausgabe für Sopran /  |c Text und Musik von Peter Cornelius ; neue, kritisch durchgesehene Ausgabe von L. Benda 
260 |a Braunschweig :  |b Henry Litolff's Verlag,  |c [1900?] 
300 |a 20 s. 
490 1 |a Collection Litolff ;  |v Nr. 2359 
700 1 |a Benda, L.  |7 mzk2012687390  |4 edt 
830 0 |a Collection Litolff 
910 |a BOA001  |b Mus4-0116.352,2359 
990 |a MU 
991 |b 201305 
996 6 |b 2619514841  |c Mus4-0116.352,2359  |l MZK  |r Sklad / do 1 hodiny  |n 0  |w 001328907  |u 000010  |a 1  |e BOA001  |j MZK50  |s P